000 00591cam a2200181 4500
001 X127204
008 040831n2004 000 0 eng u
035 _a(Sirsi) u127204
100 _aBuchanan, B.
245 _aFuture builders
260 _c2004
490 _aInside Housing
_v21(31) 6 August 2004, 16-20(5)
520 _aShowcases the work and ideas of four young architects who have dedicated themselves to designing the next generation of social housing.
650 _aHOUSING DESIGN
650 _aSOCIAL HOUSING
690 _aBUILT ENVIRONMENT-CONSTRUCTION DESIGN
942 _n0
999 _c74515
_d74515